000 01763nam0a2200397 4500
001 RU\NLR\bibl\308591
005 20260405185728.0
010 _a5-89930-071-X
_9250
021 _aRU
_b2002-25912
_91290
035 _a(NLR Aleph) 000303733
090 _a7789
_c7789
100 _a20020911d2002 |||y0rusy50 ca
101 0 _arus
102 _aRU
105 _ay |||||||||
200 1 _aРусский Бостон
_dRussian Boston
_fГ. А. Комарова
_gПод ред. М. Н. Губогло
_g[Вступ. ст. С. К. Смирновой]
_gРос. акад. наук, Центр по изучению межнац. отношений Ин-та этнологии и антропологии им. Н. Н. Миклухо-Маклая
_zeng
210 _aМ.
_cИЭА
_cЦИМО
_d2002
215 _a300 с.
_d20
320 _aБиблиогр. в примеч.: 21-24
320 _aИмен. указ.: с. 296-300
327 0 _aВ прил. включ. законодат. и норматив. материалы
510 0 _aRussian Boston
_zeng
606 0 _aРусские
_yСоединенные Штаты Америки
_91541696
_3RU\NLR\auth\66973436
610 0 _aЭмигранты из СССР в США - Социологические исследования
675 _a314.74(73)(091)
_v3
_zrus
686 _a05
_2rugasnti
686 _a60.7
_2rubbk
686 _aТ3(7США9=Рус)
686 _aС550.33
700 1 _4220
_8rus
_7ca
_aКомарова
_bГ. А.
_cд-р ист. наук
_f1948-2020
_gГалина Александровна
_3RU\NLR\AUTH\7781998
_964926
801 0 _aRU
_bRKP
_c20020911
_gPSBO
801 1 _aRU
_bRKP
_c20020911
801 2 _aRU
_bNLR
_c20091031
_grcr
942 _cBOOK
980 _aNB